Stati del Messico - Statistics

Statistiche generali
  • Questo quiz è stato fatto 1.520 volte
    1.519 dall'ultimo reset
  • Il punteggio medio è 12 su 31
Risposte nella Mappa
Le risposte nella mappa del quiz sottostante sono codificate secondo una scala di colori dal rosso al verde in base alla % di persone che hanno risposto correttamente.
 
Statistiche sulle risposte
State % Corretto
Yucatán
71%
Méssico
64%
Baja California
59%
Chihuahua
59%
Sinaloa
46%
Oaxaca
43%
Chiapas
41%
Jalisco
41%
Sonora
41%
Veracruz
41%
Tabasco
39%
Baja California Sur
37%
Puebla
37%
Nuevo León
36%
Quintana Roo
36%
Aguascalientes
35%
Durango
35%
Guerrero
35%
Campeche
32%
Michoacán
32%
Hidalgo
31%
Tamaulipas
31%
Zacatecas
31%
Coahuila
30%
Colima
30%
Querétaro
30%
San Luis Potosí
30%
Nayarit
29%
Morelos
28%
Guanajuato
26%
Tlaxcala
26%
Nessun quiz corrispondente trovato
Distribuzione punteggi
Percentuale di utenti per punteggio
Percentile per numero di risposta
I tuoi punteggi nel tempo
Non hai fatto questo quiz dall'ultimo reset